| 000 | 01013nam a22002777a 4500 | ||
|---|---|---|---|
| 005 | 20250226090443.0 | ||
| 008 | t mx gr|||| 00| 0 spa|d | ||
| 020 | _a9681860543 | ||
| 050 | 0 | 4 |
_aHF1418.5 _bE34 2000 |
| 245 | 0 | 0 |
_aEfectos sociales de la globalización _c / Liz Hamui-Halabe (compiladora) ; Fernando Laredo Sánchez,...[et al.]. |
| 250 | _a1a ed. | ||
| 260 |
_aMéxico : _bLimusa : _bGrupo Noriega Editores, _c2000 |
||
| 300 |
_a149 p. ; _c23 cm. |
||
| 490 | 0 | _aReflexión y Análisis | |
| 504 | _aIncluye bibliografías | ||
| 650 | 4 |
_aGlobalización _xAspectos sociales |
|
| 650 | 4 |
_aGlobalización _xAspectos económicos |
|
| 650 | 4 | _aRelaciones económicas internacionales | |
| 650 | 4 | _aIntegración económica internacional | |
| 700 | 1 |
_aHamui-Halabe, Liz _ecompilador _4autor |
|
| 700 | 1 |
_aLaredo Sánchez, Fernando _eautor |
|
| 700 | 1 |
_aNosnik Ostrowiak, Abraham _eautor |
|
| 700 | 1 |
_aPrado Galán, Javier _eautor |
|
| 700 | 1 |
_aSerret Bravo, Estela _eautor |
|
| 942 |
_2lcc _cLIB |
||
| 999 |
_c53441 _d53441 |
||